| 000 | 00691nam a22002177a 4500 | ||
|---|---|---|---|
| 999 |
_c17501 _d17501 |
||
| 003 | AR-CdUCM | ||
| 008 | 190508b ||||| |||| 00| 0 spa d | ||
| 020 | _a84-346-0260-1 | ||
| 040 |
_aMUNICIPALIDAD PROVINCIAL DEL CUSCO _cBIBLIOTECA MUNICIPAL DEL CUSCO |
||
| 082 |
_a869.634 / _bG26 |
||
| 100 |
_aGarcia Marquez, Gabriel _9490 |
||
| 245 | _aCien años de soledad / | ||
| 260 |
_aBarcelona : _bVosgos, _c1977. |
||
| 300 |
_a101 páginas ; _c19 cm. |
||
| 505 | _aContenido : Introducción -- Sinopsis y comentarios -- Estudio critico de la obra ... | ||
| 650 |
_aLiteratura _983 |
||
| 650 |
_aEnsayos _9375 |
||
| 650 |
_aSiglo XX _98 |
||
| 942 |
_2ddc _cLIBROS |
||
| 945 |
_arah _d08/05/2019 |
||